Cuba City Quiz - Statistics

General Stats
  • This quiz has been taken 28 times
  • The average score is 3 of 6
Answer Stats
City % Correct
Havana
100%
Santiago
74%
Camaguey
42%
Santa Clara
42%
Guantanamo
37%
Holguin
37%
No matching quizzes found
Score Distribution
Percent of People with Each Score
Percentile by Number Answered
Your Score History
You have not taken this quiz